01519nam a2200301 i 450000100060000000300090000600500170001500700030003200800450003501500170008001600180009702000180011504000280013308000200016110000210018124501950020226000460039730000200044349000470046350505030051065000340101370000220104770000210106970000250109070000190111583000470113485200360118117635ES-MaACL20250811100319.0t|010411m19881995sp ||||0| spa j ..| a1990-ENE-7907 zSAB9000069511 a84-7030-315-5 aM-BN-DP bspa cM-BN-DP a616.89-053.2/.61 aLebovici, Serge.10aTratado de psiquiatría del niño y del adolescente / cSerge Lebovici, René Diatkine, Michel Soulé ; traductor, Ignacio Avellanosa ... [et al.] ; prólogo, Alberto Lasa ... [et al.]. aMadrid : bBiblioteca Nueva, c1988-1995. a7 v. ; c24 cm.1 aColección Psicoanálisis y psicoterapia8 aContiene: t. 1. Los límites del campo de la psiquiatría infantil -- t. 2 Medios de diagnóstico. Las consecuencias psiquiátricas de los disfuncionamientos cerebrales y somáticos -- t. 3. Psicopatología I, alteraciones al funcionamiento mental del niño y del adolescente -- t. 4. Psicopatología II, la expresión manifiesta de los trastornos y su comprensión -- t. 5. La patología en relación a la edad -- t. 6. El niño, familia y enseñanza -- t. 7. El niño y la sociedad17aPsiquiatría infantil2embne1 aDiatkine, René.1 aSoulé, Michel.1 aAvellanosa, Ignacio.1 aLasa, Alberto.0 aColección Psicoanálisis y psicoterapia aES-MaACLjL-24534-40 bR.129804